[Event "Guernsey Holiday 2009"]
[Site "Guernsey"]
[Date "2009.10.19"]
[Round "2"]
[White "Onwezen, Eric"]
[Black "Van Hoek, Wim"]
[Result "1/2-1/2"]
[WhiteElo "1622"]
[BlackElo "1743"]
[PlyCount "35"]
[EventDate "2009.10.18"]
[SourceDate "2009.11.17"]

1. e4 e5 2. Bc4 Nf6 3. d3 Nc6 4. Nc3 d6 5. Nge2 Na5 6. Bb3 Nxb3 7. axb3 d5 8.
Bg5 d4 9. Nd5 c6 10. Nxf6+ gxf6 11. Bd2 f5 12. exf5 Bxf5 13. Ng3 Bg6 14. Qf3 h5
15. O-O h4 16. Ne4 Bxe4 17. Qxe4 Qd5 18. Rfe1 1/2-1/2

[Event "Guernsey Holiday 2009"]
[Site "Guernsey"]
[Date "2009.10.19"]
[Round "2"]
[White "Foster, Paul"]
[Black "Nalichowski, Bogdan"]
[Result "1-0"]
[WhiteElo "1738"]
[BlackElo "1615"]
[PlyCount "100"]
[EventDate "2009.10.18"]
[SourceDate "2009.11.17"]

1. e4 c6 2. d4 d5 3. e5 Bf5 4. g4 Bg6 5. h4 h6 6. Nh3 e6 7. Nf4 Bh7 8. Bd3 g6
9. c3 Nd7 10. Qc2 Qe7 11. h5 f5 12. hxg6 O-O-O 13. Be3 c5 14. gxf5 c4 15. Be2
Re8 16. f6 Ngxf6 17. exf6 Nxf6 18. gxh7 Rxh7 19. Ng6 Qf7 20. Nd2 Rg7 21. Nxf8
Rxf8 22. O-O-O Ng4 23. Bxg4 Rxg4 24. Rxh6 Rfg8 25. Rh7 Qe8 26. Nf3 Re4 27. Ne5
Rg2 28. Nxc4 Qf8 29. Qa4 Kb8 30. Qd7 Qc8 31. Qxc8+ Kxc8 32. Nd6+ Kd8 33. Nxe4
dxe4 34. Rxb7 a5 35. Rh1 Kc8 36. Rf7 Rg8 37. Re7 a4 38. Rxe6 Kd7 39. Rxe4 a3
40. b3 Kd6 41. c4 Rg7 42. Rh6+ Kd7 43. Kc2 Rg1 44. Bc1 Rf1 45. Rf4 Re1 46. Rf7+
Ke8 47. Ra7 Re2+ 48. Bd2 Rxf2 49. Rh8+ Rf8 50. Ra8+ Ke7 1-0

[Event "Guernsey Holiday 2009"]
[Site "Guernsey"]
[Date "2009.10.19"]
[Round "2"]
[White "Welch, Hazel"]
[Black "Baart, Edwin"]
[Result "1/2-1/2"]
[WhiteElo "1594"]
[BlackElo "1704"]
[PlyCount "56"]
[EventDate "2009.10.18"]
[SourceDate "2009.11.17"]

1. d4 d5 2. Nf3 Nf6 3. c4 e6 4. g3 Be7 5. Bg2 O-O 6. O-O c6 7. Nc3 Nbd7 8. Bg5
dxc4 9. a4 Nd5 10. Bxe7 Qxe7 11. Rc1 Rb8 12. e3 a6 13. Nd2 Nxc3 14. Rxc3 e5 15.
Nxc4 exd4 16. Qxd4 Nf6 17. Nb6 Be6 18. Rcc1 Rfd8 19. Qc3 Bd5 20. Nxd5 Nxd5 21.
Qc5 Kf8 22. Rfd1 Qxc5 23. Rxc5 Nb4 24. Rxd8+ Rxd8 25. Bf3 Nd3 26. Rc3 Rd7 27.
b3 Ne5 28. Kg2 Ke7 1/2-1/2

[Event "Guernsey Holiday 2009"]
[Site "Guernsey"]
[Date "2009.10.19"]
[Round "2"]
[White "Bakkes, Frits"]
[Black "Wallace, Mitchel"]
[Result "0-1"]
[WhiteElo "1548"]
[BlackElo "1690"]
[PlyCount "146"]
[EventDate "2009.10.18"]
[SourceDate "2009.11.17"]

1. d4 d6 2. e4 Nf6 3. Nc3 Nbd7 4. g4 h6 5. g5 hxg5 6. Bxg5 e5 7. dxe5 dxe5 8.
Qf3 c6 9. O-O-O Qc7 10. Bc4 Bb4 11. Nge2 Be7 12. h4 Nc5 13. Qg2 Ne6 14. Bxe6
Bxe6 15. f4 Nh5 16. Bxe7 Kxe7 17. fxe5 Qxe5 18. Nd4 Ng3 19. Rhg1 Nh5 20. Nxe6
Qxe6 21. e5 Qh6+ 22. Kb1 Rad8 23. Rdf1 Rd4 24. Qf2 Qf4 25. Qxf4 Rxf4 26. Rxf4
Nxf4 27. Rxg7 Rxh4 28. Rg1 Rh5 29. b4 Rxe5 30. Kb2 Nd5 31. Nxd5+ Rxd5 32. Rg8
a5 33. Rb8 Rb5 34. a3 axb4 35. a4 Rb6 36. Kb3 c5 37. Kc4 Kd6 38. a5 b3 39. cxb3
Rb4+ 40. Kc3 f5 41. Rd8+ Kc6 42. Rc8+ Kd5 43. Rd8+ Ke6 44. Re8+ Kd7 45. Re5 Rb5
46. Rxf5 Rxa5 47. Kc4 b5+ 48. Kd5 c4 49. Rf3 Ra3 50. Rf7+ Ke8 51. Rb7 Rxb3 52.
Kc5 c3 53. Kd4 b4 54. Kd3 Rb2 55. Rc7 Rd2+ 56. Kc4 Rb2 57. Kd3 Kd8 58. Rc4 Kd7
59. Rc5 Kd6 60. Rc8 Kd5 61. Rd8+ Kc5 62. Rc8+ Kb5 63. Rb8+ Ka4 64. Kc4 Ka5 65.
Kc5 Ka6 66. Kc6 Ka7 67. Kc7 c2 68. Rb7+ Ka6 69. Rb6+ Ka5 70. Rc6 Rb3 71. Rc5+
Ka4 72. Kb6 Rc3 73. Ra5+ Kb3 0-1

[Event "Guernsey Holiday 2009"]
[Site "Guernsey"]
[Date "2009.10.19"]
[Round "2"]
[White "Williams, Peter D"]
[Black "Oxener, Aldo"]
[Result "0-1"]
[WhiteElo "1690"]
[BlackElo "1566"]
[PlyCount "78"]
[EventDate "2009.10.18"]
[SourceDate "2009.11.17"]

1. c4 Nf6 2. g3 e6 3. Bg2 d5 4. d4 g6 5. Nf3 Bg7 6. O-O O-O 7. Nc3 Nbd7 8. b3
c6 9. Bb2 dxc4 10. bxc4 Nb6 11. Qd3 Qc7 12. e4 Rd8 13. c5 Nbd7 14. Qc4 b6 15.
cxb6 axb6 16. Rfe1 Ba6 17. Qb3 b5 18. a4 bxa4 19. Nxa4 Rdb8 20. Qc2 Rb5 21. Nc3
Rb6 22. Na4 Rb5 23. Bf1 Rh5 24. Nc3 Bb7 25. e5 Nd5 26. Nxd5 exd5 27. g4 Rh6 28.
Rxa8+ Bxa8 29. Bc1 g5 30. Bxg5 Re6 31. Bd3 h6 32. Bh4 c5 33. Bf5 Rc6 34. e6
cxd4 35. Qxc6 Bxc6 36. exd7 Bxd7 37. Re7 Qc1+ 38. Kg2 Bxf5 39. gxf5 Qf4 0-1

[Event "Guernsey Holiday 2009"]
[Site "Guernsey"]
[Date "2009.10.19"]
[Round "2"]
[White "Smith, DWF."]
[Black "Norman, Dinah M"]
[Result "1/2-1/2"]
[WhiteElo "1532"]
[BlackElo "1834"]
[PlyCount "62"]
[EventDate "2009.10.18"]
[SourceDate "2009.11.17"]

1. d4 d5 2. Nf3 Nf6 3. Bf4 c6 4. e3 Bg4 5. Be2 Nbd7 6. h3 Bh5 7. O-O e6 8. Nbd2
Be7 9. Re1 O-O 10. Ne5 Bxe2 11. Qxe2 Nb6 12. a3 a5 13. c4 Nxc4 14. Ndxc4 dxc4
15. Nxc4 Nd5 16. Bh2 Nb6 17. Rac1 Nxc4 18. Qxc4 Bd6 19. Bxd6 Qxd6 20. Rc2 Rfd8
21. Qc5 Qxc5 22. Rxc5 Rd5 23. Rec1 Kf8 24. Kf1 Ke7 25. Ke2 Kd7 26. Kd2 Kc7 27.
a4 Rad8 28. Ke2 Ra8 29. Kd2 Rad8 30. Ke2 Ra8 31. Kd2 Rad8 1/2-1/2

[Event "Guernsey Holiday 2009"]
[Site "Guernsey"]
[Date "2009.10.19"]
[Round "2"]
[White "Spierings, John"]
[Black "Finch, Russell"]
[Result "1-0"]
[WhiteElo "1822"]
[BlackElo "1485"]
[PlyCount "39"]
[EventDate "2009.10.18"]
[SourceDate "2009.11.17"]

1. e4 e6 2. Nf3 c5 3. d4 cxd4 4. Nxd4 a6 5. Be2 Qc7 6. O-O Nf6 7. Nc3 b5 8. Bf3
Nc6 9. e5 b4 10. exf6 bxc3 11. Re1 cxb2 12. Bxb2 Rb8 13. Nxe6 dxe6 14. fxg7
Bxg7 15. Bxg7 Rg8 16. Bf6 Bb7 17. Rb1 Ne7 18. Be5 Bxf3 19. Bxc7 Rxg2+ 20. Kf1
1-0

[Event "Guernsey Holiday 2009"]
[Site "Guernsey"]
[Date "2009.10.19"]
[Round "2"]
[White "Goman, Colin"]
[Black "Roberts, Malcolm A"]
[Result "1-0"]
[WhiteElo "1508"]
[BlackElo "1754"]
[PlyCount "55"]
[EventDate "2009.10.18"]
[SourceDate "2009.11.17"]

1. d4 d5 2. Nf3 Nf6 3. Bf4 e6 4. e3 c5 5. Bb5+ Bd7 6. Bxd7+ Nbxd7 7. O-O cxd4
8. exd4 Be7 9. c3 O-O 10. Nbd2 Rc8 11. Re1 b5 12. Ng5 Qb6 13. h4 g6 14. Ndf3
Nh5 15. Bh2 h6 16. Nh3 Ndf6 17. Ne5 Ne4 18. Nd7 Qd8 19. Nxf8 Bxf8 20. f3 Neg3
21. Qd3 a6 22. Bxg3 Nxg3 23. Rxe6 Qxh4 24. Rxa6 Re8 25. Rxg6+ Bg7 26. Rxg3 Qxg3
27. Qxb5 Re2 28. Qxe2 1-0

[Event "Guernsey Holiday 2009"]
[Site "Guernsey"]
[Date "2009.10.19"]
[Round "2"]
[White "Forbes, Garry"]
[Black "Kok, Franciscus"]
[Result "1/2-1/2"]
[WhiteElo "1691"]
[BlackElo "1603"]
[PlyCount "105"]
[EventDate "2009.10.18"]
[SourceDate "2009.11.17"]

1. d4 d5 2. Nf3 Nc6 3. Bf4 h6 4. e3 a6 5. Be2 Bg4 6. Nbd2 Nf6 7. h3 Bxf3 8.
Bxf3 e6 9. O-O Bd6 10. Bxd6 Qxd6 11. c4 O-O 12. a3 a5 13. Qc2 Ne7 14. c5 Qd7
15. b4 axb4 16. axb4 Qb5 17. Qc3 Ra6 18. Rxa6 Qxa6 19. Ra1 Qb5 20. Ra5 Qd7 21.
b5 b6 22. c6 Qd6 23. Ra7 Rb8 24. g3 Qd8 25. Qa3 Nf5 26. Rb7 Rc8 27. Qa6 Nd6 28.
Ra7 g5 29. g4 Kg7 30. Kg2 Qf8 31. Qa4 Qh8 32. Be2 Nfe4 33. Nxe4 Nxe4 34. f3 Nd6
35. Qa3 Qd8 36. Qa4 f6 37. Ra6 Rb8 38. Ra7 Kf8 39. Ra6 Kg7 40. Ra7 Kf8 41. Ra6
Kg7 42. Ra7 Kf8 43. Bd3 Kg7 44. Qa3 Kf7 45. Qa4 Kg7 46. Bb1 Nc4 47. Qb3 Ra8 48.
Rxa8 Qxa8 49. Qd3 Qh8 50. Kg3 Nd6 51. h4 Kf7 52. h5 Ke7 53. Kf2 1/2-1/2

[Event "Guernsey Holiday 2009"]
[Site "Guernsey"]
[Date "2009.10.19"]
[Round "2"]
[White "Collins, Alan"]
[Black "Van Beek, Ronald"]
[Result "1/2-1/2"]
[WhiteElo "1690"]
[BlackElo "1374"]
[PlyCount "36"]
[EventDate "2009.10.18"]
[SourceDate "2009.11.17"]

1. d4 d5 2. c4 e6 3. Nc3 Bb4 4. e3 Nf6 5. a3 Bxc3+ 6. bxc3 b6 7. cxd5 exd5 8.
Nf3 O-O 9. Be2 Re8 10. O-O Qd6 11. a4 a5 12. Ba3 c5 13. Ne5 Ba6 14. Rb1 Bxe2
15. Qxe2 Nbd7 16. Nxd7 Nxd7 17. Rb5 Qc6 18. Qb2 Rab8 1/2-1/2

[Event "Guernsey Holiday 2009"]
[Site "Guernsey"]
[Date "2009.10.19"]
[Round "2"]
[White "Herschmann, Heinz"]
[Black "Bateman, Kerry"]
[Result "0-1"]
[WhiteElo "1562"]
[BlackElo "1400"]
[PlyCount "98"]
[EventDate "2009.10.18"]
[SourceDate "2009.11.17"]

1. e4 c5 2. Nf3 d6 3. d4 cxd4 4. Nxd4 Nf6 5. Bd3 g6 6. O-O Bg7 7. c3 O-O 8. Be3
a6 9. Nd2 b5 10. a3 Bb7 11. f3 Nbd7 12. Qe2 Rc8 13. N4b3 Qc7 14. Rfc1 Ne5 15.
f4 Nc4 16. Bxc4 bxc4 17. Nd4 Nxe4 18. Nxe4 Bxe4 19. Nf3 d5 20. Qf2 f6 21. Nd2
Bd3 22. Nf3 e5 23. Ne1 Be4 24. Qd2 Rfd8 25. Qf2 Rd7 26. fxe5 fxe5 27. Nf3 Rf7
28. Qg3 Bd3 29. Ng5 Rf5 30. Ne6 Qf7 31. Nxg7 Kxg7 32. h3 Rf8 33. Kh2 Qb7 34.
Bc5 R8f7 35. Bd6 e4 36. Be5+ Kg8 37. Bd4 Qxb2 38. Qd6 Qb7 39. Qe6 Qb8+ 40. Kg1
Kf8 41. Bc5+ Kg8 42. Bd6 Qb6+ 43. Kh2 Qc6 44. Rab1 Bxb1 45. Rxb1 R5f6 46. Rb8+
Kg7 47. Bf8+ Rxf8 48. Qe7+ R8f7 49. Qe5 Qd6 0-1

[Event "Guernsey Holiday 2009"]
[Site "Guernsey"]
[Date "2009.10.19"]
[Round "2"]
[White "Ruigrok, Jacques"]
[Black "Bennett, David"]
[Result "1-0"]
[WhiteElo "1794"]
[BlackElo "1410"]
[PlyCount "59"]
[EventDate "2009.10.18"]
[SourceDate "2009.11.17"]

1. e4 e6 2. d4 c5 3. Nf3 cxd4 4. c3 Nc6 5. cxd4 Bb4+ 6. Nc3 Bxc3+ 7. bxc3 Nf6
8. Bd3 Qc7 9. O-O O-O 10. e5 Nd5 11. Bxh7+ Kh8 12. Bc2 Nce7 13. Qd3 g6 14. Ba3
Re8 15. Bxe7 Rxe7 16. Qe4 Re8 17. c4 Nb4 18. Qh4+ Kg7 19. Qf6+ Kg8 20. Bb3 Qd8
21. Qf4 Kg7 22. a3 Nc6 23. d5 Na5 24. Bc2 Rh8 25. Ng5 Rf8 26. Ne4 b6 27. Nf6
Rh8 28. Rad1 Ba6 29. dxe6 fxe6 30. Rxd7+ 1-0

[Event "Guernsey Holiday 2009"]
[Site "Guernsey"]
[Date "2009.10.19"]
[Round "2"]
[White "Harnden, Terry"]
[Black "Kearsley, Raymond J"]
[Result "1-0"]
[WhiteElo "1442"]
[BlackElo "1762"]
[PlyCount "45"]
[EventDate "2009.10.18"]
[SourceDate "2009.11.17"]

1. e4 c5 2. Nf3 e6 3. d4 cxd4 4. Nxd4 Bc5 5. Be3 Qb6 6. b3 Nc6 7. c3 Nf6 8. f3
e5 9. Nxc6 Bxe3 10. Nxe5 Bf2+ 11. Kd2 d5 12. Kc2 Be6 13. Qd3 a6 14. Kb2 O-O 15.
h3 Rfd8 16. Qc2 Bg3 17. Ng4 Nh5 18. Nd2 Nf4 19. exd5 Nxd5 20. Ne4 Ne3 21. Qc1
Rd1 22. Qxe3 Qxe3 23. Nxe3 1-0

[Event "Guernsey Holiday 2009"]
[Site "Guernsey"]
[Date "2009.10.19"]
[Round "2"]
[White "Kaye, Michael J"]
[Black "Glover, John"]
[Result "0-1"]
[WhiteElo "1522"]
[BlackElo "1802"]
[PlyCount "98"]
[EventDate "2009.10.18"]
[SourceDate "2009.11.17"]

1. d4 Nf6 2. Nf3 c5 3. e3 cxd4 4. exd4 d5 5. Bd3 Nc6 6. c3 Bg4 7. Nbd2 e6 8.
O-O Bd6 9. Qc2 O-O 10. Re1 Rc8 11. Qb1 Qc7 12. h3 Bh5 13. Bb5 Bg6 14. Bd3 Bxd3
15. Qxd3 a6 16. Nf1 Ne4 17. Re2 Ne7 18. Ng5 Nxg5 19. Bxg5 Ng6 20. g3 b5 21.
Rae1 Qb6 22. Bd2 b4 23. f4 bxc3 24. bxc3 Ne7 25. Ne3 g6 26. Ng4 Kg7 27. Ne5
Rfd8 28. g4 Nc6 29. Kh1 Na5 30. f5 Bxe5 31. Rxe5 Nc4 32. f6+ Kxf6 33. Bg5+ Kg7
34. Bxd8 Nxe5 35. Rxe5 Rxd8 36. Re2 Rb8 37. Qd2 a5 38. Rf2 Qc7 39. Kg2 a4 40.
Qc1 Rc8 41. Rf3 Qe7 42. g5 a3 43. h4 Rb8 44. Rf2 Ra8 45. Qe1 Qc7 46. Qc1 e5 47.
dxe5 Qxe5 48. Qd2 Ra4 49. Kh3 Qe4 0-1

[Event "Guernsey Holiday 2009"]
[Site "Guernsey"]
[Date "2009.10.19"]
[Round "2"]
[White "Cox, Marian"]
[Black "Timmerman, Peter"]
[Result "0-1"]
[WhiteElo "1434"]
[BlackElo "1562"]
[PlyCount "92"]
[EventDate "2009.10.18"]
[SourceDate "2009.11.17"]

1. e4 e5 2. Nf3 Nc6 3. Bc4 Bc5 4. O-O Nf6 5. d3 d5 6. exd5 Nxd5 7. Re1 O-O 8.
c3 Bg4 9. Nbd2 Kh8 10. Ne4 Bb6 11. b4 f6 12. Bxd5 Qxd5 13. h3 Bxf3 14. Qxf3 Qd7
15. a4 a6 16. Qd1 Rad8 17. Be3 Qxd3 18. Bxb6 cxb6 19. Qxd3 Rxd3 20. b5 Ne7 21.
Rad1 Rfd8 22. Rxd3 Rxd3 23. Rc1 Nf5 24. Kf1 Rd7 25. g3 Kg8 26. Ke2 Kf7 27. Kf3
Ke6 28. h4 Nd6 29. Nxd6 Rxd6 30. Ke3 axb5 31. axb5 Rd5 32. c4 Rd7 33. h5 Kf5
34. f3 Kg5 35. g4 f5 36. gxf5 Kxf5 37. c5 Rc7 38. c6 bxc6 39. Rxc6 Rxc6 40.
bxc6 Ke6 41. c7 Kd7 42. c8=Q+ Kxc8 43. Ke4 Kd7 44. Kxe5 b5 45. f4 b4 46. Kd4
Ke6 0-1

[Event "Guernsey Holiday 2009"]
[Site "Guernsey"]
[Date "2009.10.19"]
[Round "2"]
[White "Cox, Reginald E"]
[Black "Kirk, Matthew"]
[Result "0-1"]
[WhiteElo "1402"]
[BlackElo "1541"]
[PlyCount "64"]
[EventDate "2009.10.18"]
[SourceDate "2009.11.17"]

1. e4 c6 2. Bc4 d5 3. exd5 cxd5 4. Bb3 e5 5. d3 Nf6 6. Nc3 Bb4 7. Bd2 O-O 8.
Nge2 Nc6 9. O-O Bc5 10. h3 a5 11. a4 Re8 12. Re1 Be6 13. Ng3 Qb6 14. Rf1 d4 15.
Bxe6 dxc3 16. Bxf7+ Kxf7 17. Bxc3 Rad8 18. Qf3 Nd4 19. Bxd4 Bxd4 20. c3 Bc5 21.
Ne4 Re7 22. Ng5+ Kg8 23. Rab1 Qc6 24. Qe2 h6 25. Ne4 Nxe4 26. dxe4 Rf7 27. Rbc1
Rdf8 28. b4 axb4 29. cxb4 Bxf2+ 30. Kh1 Bg3 31. Rf5 Qxc1+ 32. Rf1 Qxf1+ 0-1

[Event "Guernsey Holiday 2009"]
[Site "Guernsey"]
[Date "2009.10.19"]
[Round "2"]
[White "Brown, Jim"]
[Black "Spicer, Jonathan"]
[Result "0-1"]
[WhiteElo "1378"]
[BlackElo "1526"]
[PlyCount "92"]
[EventDate "2009.10.18"]
[SourceDate "2009.11.17"]

1. Nf3 Nc6 2. d4 d5 3. e3 Nf6 4. Nbd2 a6 5. Be2 Bf5 6. a3 Qd7 7. O-O e6 8. b3
b5 9. Bb2 Be7 10. Ne5 Nxe5 11. dxe5 Ne4 12. Nxe4 Bxe4 13. Bf3 Bf5 14. b4 c5 15.
Re1 Qc7 16. e4 dxe4 17. Bxe4 Bxe4 18. Rxe4 c4 19. c3 O-O 20. Qe2 Rad8 21. Rd1
Rxd1+ 22. Qxd1 Rd8 23. Qe2 Rd5 24. g3 Qd7 25. Rd4 Bd8 26. Qe4 Bc7 27. Rxd5 Qxd5
28. Qxd5 exd5 29. f4 Kf8 30. Kf2 Ke7 31. Kf3 Ke6 32. Bc1 Bb6 33. Be3 Bd8 34.
Bd4 g6 35. h4 h5 36. Ke3 Kf5 37. Kf3 Be7 38. Be3 f6 39. Bd4 fxe5 40. fxe5 Bd8
41. e6 Kxe6 42. Kf4 Bc7+ 43. Kf3 Kf5 44. Be3 Be5 45. Bd2 d4 46. cxd4 Bxd4 0-1

[Event "Guernsey Holiday 2009"]
[Site "Guernsey"]
[Date "2009.10.19"]
[Round "2"]
[White "Savage, Neil"]
[Black "Carrick, Peter"]
[Result "1-0"]
[WhiteElo "1335"]
[BlackElo "1522"]
[PlyCount "79"]
[EventDate "2009.10.18"]
[SourceDate "2009.11.17"]

1. e4 e6 2. d4 d5 3. Nc3 Bb4 4. e5 Nd7 5. Qg4 Bf8 6. Bd3 c5 7. Nf3 cxd4 8. Qxd4
f5 9. exf6 Qxf6 10. Nb5 Qxd4 11. Nfxd4 Kf7 12. Nc7 Rb8 13. Ncxe6 Nb6 14. Bf4
Ra8 15. Nc7 Nf6 16. Nxa8 Nxa8 17. O-O-O Bc5 18. c3 g6 19. Rhe1 Nb6 20. Re2 Bd7
21. Nf3 Kg7 22. Be3 Bxe3+ 23. Rxe3 Re8 24. Rxe8 Nxe8 25. Nd4 Kf6 26. Re1 Nd6
27. Nf3 Nf7 28. Re3 Bc6 29. Nd4 Bd7 30. f4 Nd6 31. Nf3 Nf7 32. Ne5 Nxe5 33.
Rxe5 Be6 34. b3 Nd7 35. Re3 a6 36. h3 Nb6 37. g4 Bf7 38. g5+ Kg7 39. Re7 Nc8
40. Rxb7 1-0

[Event "Guernsey Holiday 2009"]
[Site "Guernsey"]
[Date "2009.10.19"]
[Round "2"]
[White "Haddock, Paul"]
[Black "Newrick, William R"]
[Result "1-0"]
[WhiteElo "1522"]
[BlackElo "1347"]
[PlyCount "61"]
[EventDate "2009.10.18"]
[SourceDate "2009.11.17"]

1. e4 d5 2. exd5 Nf6 3. Bc4 Bd7 4. Qe2 g6 5. d4 Bg7 6. Nf3 O-O 7. O-O b5 8. Bb3
c6 9. dxc6 Bxc6 10. Nbd2 Qc7 11. Re1 e6 12. Ne5 Bd5 13. Qxb5 a6 14. Qd3 Nc6 15.
c4 Nxd4 16. cxd5 Nxb3 17. Nxb3 Nxd5 18. Qe4 Rad8 19. Bd2 Bxe5 20. Qxe5 Qxe5 21.
Rxe5 Rfe8 22. Rc1 Rd7 23. Rc6 Nf4 24. g3 Nd3 25. Ra5 Nxb2 26. Bh6 Rd1+ 27. Kg2
Re1 28. Rcxa6 f5 29. Ra7 Nc4 30. Rg7+ Kh8 31. Raa7 1-0

[Event "Guernsey Holiday 2009"]
[Site "Guernsey"]
[Date "2009.10.20"]
[Round "3"]
[White "Kershaw, Graham J"]
[Black "Foster, Paul"]
[Result "0-1"]
[WhiteElo "1826"]
[BlackElo "1738"]
[PlyCount "78"]
[EventDate "2009.10.18"]
[SourceDate "2009.11.17"]

1. e4 c6 2. d4 d5 3. exd5 Qxd5 4. c4 Qa5+ 5. Nc3 Bf5 6. Bd3 Nf6 7. Bxf5 Qxf5 8.
Nf3 e6 9. O-O Bd6 10. Qb3 b6 11. Re1 O-O 12. Bd2 Nbd7 13. Re2 e5 14. dxe5 Nxe5
15. Nxe5 Bxe5 16. Rae1 Rfe8 17. Qa4 Re6 18. c5 b5 19. Qb3 Rae8 20. Kf1 Bd4 21.
f3 Ng4 22. Rc1 Nxh2+ 23. Ke1 Rxe2+ 24. Nxe2 Qe5 25. Qd3 Bxb2 26. Rc2 Bd4 27.
Bc1 Qg3+ 28. Kd1 Qf2 29. Qxd4 Qf1+ 30. Kd2 Qxe2+ 31. Kc3 Qe1+ 32. Bd2 Qa1+ 33.
Rb2 Nf1 34. Qd7 b4+ 35. Kc2 Rf8 36. Bxb4 Ne3+ 37. Kb3 Nd5 38. Rd2 Qb1+ 39. Rb2
Qd3+ 0-1

[Event "Guernsey Holiday 2009"]
[Site "Guernsey"]
[Date "2009.10.20"]
[Round "3"]
[White "Wallace, Mitchel"]
[Black "Gibson, John"]
[Result "0-1"]
[WhiteElo "1690"]
[BlackElo "1750"]
[PlyCount "82"]
[EventDate "2009.10.18"]
[SourceDate "2009.11.17"]

1. e4 d6 2. d4 Nf6 3. Nc3 Nbd7 4. f4 e5 5. Nf3 exd4 6. Nxd4 Nc5 7. Bb5+ c6 8.
Nxc6 bxc6 9. Bxc6+ Bd7 10. Bxa8 Qxa8 11. Nd5 Nxd5 12. exd5 Be7 13. Qe2 Qxd5 14.
O-O Ne6 15. c4 Qc6 16. Re1 O-O 17. Be3 Re8 18. Rac1 Bf6 19. Qf2 Nc5 20. Bxc5 {
(=)} Rxe1+ 21. Rxe1 dxc5 22. Qe2 Kf8 23. b3 Qd6 24. Qe4 Bc6 25. Qxh7 Qd4+ 26.
Kh1 g6 27. Qh3 Qf2 28. Rd1 Qe2 29. Rc1 Qd2 30. Rf1 Be4 31. Qh6+ Kg8 32. Qh3 Bd3
33. Qd7 Bd4 34. Qe8+ Kg7 35. Re1 Bc3 36. Rg1 Qxf4 37. Qd7 Bf5 38. Qd1 Be5 39.
g3 Be4+ 40. Rg2 Qf2 41. Qg1 Qxg2+ 0-1

[Event "Guernsey Holiday 2009"]
[Site "Guernsey"]
[Date "2009.10.20"]
[Round "3"]
[White "Oxener, Aldo"]
[Black "Spierings, John"]
[Result "1-0"]
[WhiteElo "1566"]
[BlackElo "1822"]
[PlyCount "72"]
[EventDate "2009.10.18"]
[SourceDate "2009.11.17"]

1. Nf3 Nc6 2. d4 d5 3. c4 e6 4. Nc3 Nf6 5. Bg5 Be7 6. e3 O-O 7. Be2 b6 8. O-O
Bb7 9. Rc1 Rc8 10. Qb3 Na5 11. Qa4 dxc4 12. Rfd1 Nd5 13. Bxe7 Qxe7 14. Ne5 Nxc3
15. Rxc3 Qg5 16. Bf1 Bd5 17. f3 c5 18. e4 cxd4 19. Rcc1 Qxe5 20. exd5 exd5 21.
Re1 Qf4 22. Qd7 d3 23. Bxd3 Qd4+ 24. Kh1 Qxd3 25. Rcd1 Qc2 26. Rxd5 Qxb2 27.
Red1 Rce8 28. R5d2 Qe5 29. h3 c3 30. Rc2 Nc4 31. Rdc1 Qg3 32. Qd3 Re1+ 33. Rxe1
Qxe1+ 34. Kh2 Ne3 35. Re2 Nf1+ 36. Kg1 Qb1 1-0

[Event "Guernsey Holiday 2009"]
[Site "Guernsey"]
[Date "2009.10.20"]
[Round "3"]
[White "Hoogakker, Peter"]
[Black "Onwezen, Eric"]
[Result "1-0"]
[WhiteElo "1773"]
[BlackElo "1622"]
[PlyCount "75"]
[EventDate "2009.10.18"]
[SourceDate "2009.11.17"]

1. e4 e5 2. Nf3 Nc6 3. Bc4 Be7 4. c3 Nf6 5. d3 O-O 6. O-O d6 7. Bb3 Bg4 8. Nbd2
d5 9. exd5 Nxd5 10. h3 Bh5 11. Ne4 f5 12. Ng3 Bg6 13. Re1 Bf6 14. h4 Qd7 15. h5
Bf7 16. Ng5 Bxg5 17. Bxg5 Rae8 18. h6 Nf4 19. hxg7 Kxg7 20. Bxf4 exf4 21. Nh5+
Bxh5 22. Qxh5 Ne5 23. d4 Ng6 24. Qf3 c6 25. Qd3 Ne5 26. Qh3 Ng4 27. Bc2 Rxe1+
28. Rxe1 Rf6 29. Qf3 Qd6 30. Bxf5 Nh6 31. Bc2 Nf7 32. Qe4 Rh6 33. Qe7 Qb8 34.
Bb3 Rf6 35. Re6 Rf5 36. Re5 Qc8 37. Be6 Rxe5 38. Qxf7+ 1-0

[Event "Guernsey Holiday 2009"]
[Site "Guernsey"]
[Date "2009.10.20"]
[Round "3"]
[White "Beadle, John"]
[Black "Noordijk, Evert"]
[Result "0-1"]
[WhiteElo "1650"]
[BlackElo "1767"]
[PlyCount "70"]
[EventDate "2009.10.18"]
[SourceDate "2009.11.17"]

1. e4 d6 2. d4 Nf6 3. Nc3 Nbd7 4. Bd3 e5 5. Nf3 Be7 6. O-O c6 7. Re1 Qc7 8. Bg5
Nf8 9. h3 h6 10. Bh4 g5 11. Bg3 Ng6 12. d5 g4 13. hxg4 Bxg4 14. Be2 h5 15. Nh4
O-O-O 16. dxc6 bxc6 17. Ba6+ Kb8 18. Qd3 Nd7 19. b4 Bxh4 20. Bxh4 Nxh4 21. Rab1
Ka8 22. b5 Nc5 23. Qc4 Be6 24. Qe2 Ng6 25. bxc6 Nf4 26. Qb5 Rb8 27. Bb7+ Nxb7
28. cxb7+ Rxb7 29. Qa6 Rb6 30. Nb5 Qb7 31. Qa5 Kb8 32. Rb4 Qa6 33. Qxa6 Rxa6
34. Nxd6+ Kc7 35. Rd1 Rxd6 0-1

[Event "Guernsey Holiday 2009"]
[Site "Guernsey"]
[Date "2009.10.20"]
[Round "3"]
[White "O'Connor, Jonathan"]
[Black "Veelenturf, Wim"]
[Result "1/2-1/2"]
[WhiteElo "1675"]
[BlackElo "1756"]
[PlyCount "96"]
[EventDate "2009.10.18"]
[SourceDate "2009.11.17"]

1. e4 e5 2. d4 exd4 3. c3 dxc3 4. Bc4 d6 5. Qb3 Qe7 6. Nxc3 c6 7. Bg5 Nf6 8.
Nge2 Nbd7 9. O-O Ne5 10. a4 Nxc4 11. Qxc4 Qe6 12. Qd4 Qe5 13. Qd2 Nh5 14. Rae1
h6 15. Be3 Rg8 16. f4 Qe7 17. Nd4 Be6 18. Nf5 Qc7 19. Rf2 a6 20. b4 Nf6 21. h3
O-O-O 22. a5 Nd7 23. Nd5 Bxd5 24. exd5 c5 25. bxc5 Nxc5 26. Rc1 Kb8 27. Qb4 Nd3
28. Rxc7 Nxb4 29. Rxf7 Nxd5 30. Rb2 Nxe3 31. Rbxb7+ Ka8 32. Nxe3 d5 33. Ra7+
Kb8 34. Rab7+ Ka8 35. Nd1 Bc5+ 36. Kf1 Rdf8 37. Nc3 Rxf7 38. Rxf7 d4 39. Nd5 d3
40. Ke1 Re8+ 41. Kd1 Re2 42. Nc7+ Kb7 43. Ne6+ Kc6 44. Nxc5 Kxc5 45. Rxg7 Kd4
46. Rg6 Ra2 47. Rxa6 Rxg2 48. Rxh6 Rg1+ 1/2-1/2

[Event "Guernsey Holiday 2009"]
[Site "Guernsey"]
[Date "2009.10.20"]
[Round "3"]
[White "Van Hoek, Wim"]
[Black "Haisma, Henk"]
[Result "1-0"]
[WhiteElo "1743"]
[BlackElo "1639"]
[PlyCount "57"]
[EventDate "2009.10.18"]
[SourceDate "2009.11.17"]

1. e4 c5 2. Nf3 Nc6 3. c3 d5 4. exd5 Qxd5 5. d4 Bg4 6. Be2 O-O-O 7. O-O f6 8.
Be3 e5 9. dxc5 Bxc5 10. Qxd5 Rxd5 11. Bc4 Bxe3 12. Bxd5 Bb6 13. h3 Bh5 14. Na3
Nge7 15. Be6+ Kb8 16. g4 Bg6 17. Rad1 Be4 18. Nh4 h5 19. Rfe1 hxg4 20. Rxe4
Rxh4 21. Rxg4 Rxh3 22. Rxg7 Rf3 23. Rd2 f5 24. Nc4 Bc7 25. Kg2 Rf4 26. Ne3 Bb6
27. Nd5 Nxd5 28. Bxd5 e4 29. Bxc6 {Remaining moves unreadable, 1-0, 56.} 1-0

[Event "Guernsey Holiday"]
[Site "Guernsey"]
[Date "2009.10.20"]
[Round "3"]
[White "Norman, Dinah M"]
[Black "Welch, Hazel"]
[Result "1-0"]
[WhiteElo "1834"]
[BlackElo "1594"]
[PlyCount "71"]
[EventDate "2009.10.18"]
[SourceDate "2009.11.17"]

1. d4 c5 2. c3 cxd4 3. cxd4 Nf6 4. Nc3 g6 5. Nf3 d6 6. e3 Bg7 7. Be2 O-O 8. O-O
Na6 9. Bd2 Nc7 10. Rc1 Bd7 11. Re1 a6 12. a3 b5 13. Bf1 Ncd5 14. Nxd5 Nxd5 15.
e4 Nf6 16. h3 Qb6 17. Bc3 Rfc8 18. Qd2 Qb7 19. d5 Kf8 20. Bd3 Qa7 21. Bd4 Qb7
22. b4 Rab8 23. Qf4 Nh5 24. Bxg7+ Nxg7 25. Qh6 f6 26. Qxh7 g5 27. Nd4 Kf7 28.
Ne6 Rg8 29. e5 Bxe6 30. dxe6+ Kf8 31. exf6 exf6 32. e7+ Qxe7 33. Rxe7 Kxe7 34.
Rc7+ Kf8 35. Qg6 Ne8 36. Qf7# 1-0

[Event "Guernsey Holiday"]
[Site "Guernsey"]
[Date "2009.10.20"]
[Round "3"]
[White "Glover, John"]
[Black "Bakkes, Frits"]
[Result "1-0"]
[WhiteElo "1802"]
[BlackElo "1548"]
[PlyCount "61"]
[EventDate "2009.10.18"]
[SourceDate "2009.11.17"]

1. Nf3 c5 2. c4 Nc6 3. g3 Nf6 4. Bg2 e6 5. b3 Be7 6. Bb2 O-O 7. O-O d5 8. cxd5
exd5 9. d4 c4 10. Nc3 Qb6 11. e3 Bf5 12. Na4 Qc7 13. bxc4 dxc4 14. Nc3 Bb4 15.
Qc1 Bxc3 16. Bxc3 Bd3 17. Re1 Ne4 18. Nd2 Nxd2 19. Qxd2 a5 20. a4 Qd6 21. Bf1
Bxf1 22. Rxf1 f5 23. Rfb1 Rf7 24. Rb5 Qc7 25. Qe2 Qd7 26. Qxc4 Rc8 27. Qb3 Qc7
28. Rxf5 Nd8 29. Rxf7 Qxc3 30. Qxc3 Rxc3 31. Rd7 1-0